Dictamen 10-2009 sobre el Proyecto de Decreto por el que se modifica el Decreto 3/2001, de 26 de enero, por el que se planifican los juegos y apuestas en la Comunidad Autónoma de La Rioja (Registro nro. 22807)
[ vista simple ]
| 000 -CABECERA | |
|---|---|
| Longitud fija campo de control | 01332nam a2200325 c 4500 |
| 001 - NÚMERO DE CONTROL | |
| Número de control | 22807 |
| 003 - IDENTIFICADOR DE NÚMERO DE CONTROL | |
| Identificador del número de control | ES-MaCES |
| 005 - FECHA Y HORA DE LA ÚLTIMA TRANSACCIÓN | |
| Fecha y hora de la última transacción | 20141221122816.0 |
| 008 - CAMPO FIJO DE DESCRIPCIÓN FIJA--INFORMACIÓN GENERAL | |
| Códigos de información de longitud fija | 100203s2009 sp l o000 | spa d |
| 035 ## - NÚMERO DE CONTROL DEL SISTEMA | |
| Número de control del sistema | CES20100000583m |
| 040 ## - FUENTE DE CATALOGACIÓN | |
| Centro catalogador de origen | ES-MaCES |
| Lengua de catalogación | spa |
| Centro transcriptor | ES-MaCES |
| 110 2# - ENCABEZAMIENTO PRINCIPAL--NOMBRE CORPORATIVO | |
| Nombre de entidad corporativa o nombre de jurisdicción como elemento inicial | Consejo Económico y Social de La Rioja |
| 9 (RLIN) | 2443 |
| 245 10 - MENCIÓN DE TÍTULO | |
| Título | Dictamen 10-2009 sobre el Proyecto de Decreto por el que se modifica el Decreto 3/2001, de 26 de enero, por el que se planifican los juegos y apuestas en la Comunidad Autónoma de La Rioja |
| Mención de responsabilidad, etc. | Consejo Económico y Social de La Rioja |
| 260 ## - PUBLICACIÓN, DISTRIBUCIÓN, ETC (PIE DE IMPRENTA) | |
| Lugar de publicación, distribución, etc. | Logroño |
| Nombre del editor, distribuidor, etc. | CES |
| Fecha de publicación, distribución, etc. | [2009] |
| 300 ## - DESCRIPCIÓN FÍSICA | |
| Extensión | 4 p. |
| Dimensiones | 21 cm |
| 500 ## - NOTA GENERAL | |
| Nota general | Tít. tomado de la cub. |
| 541 ## - NOTA DE LA FUENTE INMEDIANTE DE ADQUISICIÓN | |
| Forma de adquisición | Gratuito |
| 650 #4 - ASIENTO SECUNDARIO DE MATERIA--TÉRMINO DE MATERIA | |
| Término de materia o nombre geográfico como elemento inicial | juego |
| 9 (RLIN) | 29553 |
| 650 #4 - ASIENTO SECUNDARIO DE MATERIA--TÉRMINO DE MATERIA | |
| Término de materia o nombre geográfico como elemento inicial | ocio |
| 9 (RLIN) | 28397 |
| 650 #4 - ASIENTO SECUNDARIO DE MATERIA--TÉRMINO DE MATERIA | |
| Término de materia o nombre geográfico como elemento inicial | servicio recreativo |
| 9 (RLIN) | 28398 |
| 650 #4 - ASIENTO SECUNDARIO DE MATERIA--TÉRMINO DE MATERIA | |
| Término de materia o nombre geográfico como elemento inicial | reforma legislativa |
| 9 (RLIN) | 29892 |
| 650 #4 - ASIENTO SECUNDARIO DE MATERIA--TÉRMINO DE MATERIA | |
| Término de materia o nombre geográfico como elemento inicial | La Rioja (Comunidad Autónoma) |
| 9 (RLIN) | 30883 |
| 650 #4 - ASIENTO SECUNDARIO DE MATERIA--TÉRMINO DE MATERIA | |
| Término de materia o nombre geográfico como elemento inicial | régimen jurídico |
| 9 (RLIN) | 29894 |
| 650 #4 - ASIENTO SECUNDARIO DE MATERIA--TÉRMINO DE MATERIA | |
| Término de materia o nombre geográfico como elemento inicial | dictamen |
| 9 (RLIN) | 30802 |
| 653 10 - TÉRMINO DE INDEXACIÓN--NO CONTROLADO | |
| Término no controlado | Cultura-Ocio |
| 787 0# - ENTRADA DE OTRAS ESPECIFICACIONES | |
| Título | Dictamen 10-2008 sobre el Proyecto de Decreto por el que se modifica el Decreto 4/2001, de 26 de enero, por el que se aprueba el catálogo de juegos y apuestas de la Comunidad Autónoma de La Rioja |
| Número de control del registro relacionado | (ES-MaCES)22384 |
| 902 ## - CES. TIPO DE DOCUMENTO | |
| Tipodoc (006$c Sirtex) | LIB Libro |
| 942 ## - ELEMENTOS KOHA | |
| Fuente de clasificaión o esquema | Clasificación propia del CES |
| Koha [por defecto] tipo de item | Monografías |
| Parte de clasificación | 4.1. |
| Número de registro | Signatura completa | Tipo de item de Koha |
|---|---|---|
| 076085 | - | Monografías |
